[Event "Junior Online 4NCL Division 5"]
[Site "online"]
[Date "2020.05.21"]
[Round "6.203"]
[White "Fowkes, Holly"]
[Black "Ajaykumar, Arav"]
[Result "0-1"]
[WhiteElo "1000"]
[BlackElo "1135"]
[PlyCount "82"]
[EventDate "2020.05.21"]
[WhiteTeam "Leicestershire Juniors 4"]
[BlackTeam "Leicestershire Juniors 3"]

1. e4 e5 2. Nf3 Nc6 3. Bc4 Bc5 4. O-O Nf6 5. c3 O-O 6. d4 exd4 7. cxd4 Nxd4 8.
Nxd4 Bxd4 9. Qxd4 Re8 10. e5 Nh5 11. Bd3 d6 12. Qe4 g6 13. Bh6 Bf5 14. Qf3 Bxd3
15. Qxd3 dxe5 16. Qa3 Nf6 17. Nc3 b6 18. Rfe1 c5 19. Ne4 Rc8 20. Nxf6+ Qxf6 21.
Qa4 g5 22. Qxa7 Qxh6 23. Rad1 Qc6 24. Rd7 Ra8 25. Qxa8 Qxa8 26. Rd5 Qxd5 27. f4
Qd4+ 28. Kh1 Qxf4 29. g3 Qf3+ 30. Kg1 e4 31. h4 Qxg3+ 32. Kf1 e3 33. hxg5 Qf3+
34. Kg1 Qf2+ 35. Kh1 Qxe1+ 36. Kg2 e2 37. g6 fxg6 38. Kf3 Qf1+ 39. Kg4 e1=Q 40.
Kg5 Re5+ 41. Kh6 Qh4# 0-1

[Event "Junior Online 4NCL Division 5"]
[Site "online"]
[Date "2020.05.21"]
[Round "6.204"]
[White "Abraham, Leo"]
[Black "Norton, Laurence"]
[Result "1-0"]
[WhiteElo "1022"]
[BlackElo "887"]
[PlyCount "37"]
[EventDate "2020.05.21"]
[WhiteTeam "Leicestershire Juniors 3"]
[BlackTeam "Leicestershire Juniors 4"]

1. e4 Nf6 2. Nc3 e5 3. Nf3 Nc6 4. Bb5 Bb4 5. O-O Bxc3 6. bxc3 O-O 7. Bxc6 dxc6
8. d4 exd4 9. cxd4 Nxe4 10. Qd3 Bf5 11. Qe3 Re8 12. Ne5 Qd5 13. Qf4 Qxd4 14.
Qxf5 Rxe5 15. Qg4 Qxa1 16. Bf4 Rb5 17. Rxa1 Rb2 18. Be5 Rb4 19. Qxg7# 1-0

[Event "Junior Online 4NCL Division 5"]
[Site "online"]
[Date "2020.05.21"]
[Round "6.205"]
[White "Shen, Alex"]
[Black "Parizad, Anjal"]
[Result "1-0"]
[WhiteElo "1277"]
[BlackElo "1000"]
[PlyCount "21"]
[EventDate "2020.05.21"]
[WhiteTeam "Leicestershire Juniors 3"]
[BlackTeam "Leicestershire Juniors 4"]

1. e4 e5 2. Nf3 Nf6 3. Nxe5 d6 4. Nf3 Nxe4 5. Nc3 Nxf2 6. Qe2+ Be7 7. Qxf2 O-O
8. Bd3 Be6 9. Qd4 Qd7 10. Qe4 d5 11. Qxh7# 1-0

[Event "Junior Online 4NCL Division 5"]
[Site "online"]
[Date "2020.05.21"]
[Round "6.207"]
[White "Ajaykumar, Arav"]
[Black "Fowkes, Holly"]
[Result "1-0"]
[WhiteElo "1135"]
[BlackElo "1000"]
[PlyCount "55"]
[EventDate "2020.05.21"]
[WhiteTeam "Leicestershire Juniors 3"]
[BlackTeam "Leicestershire Juniors 4"]

1. e4 e5 2. Nf3 Nc6 3. Bb5 Bc5 4. O-O Nd4 5. Nxd4 exd4 6. Bd3 Bd6 7. h3 Qe7 8.
Re1 Qe5 9. g3 c5 10. c3 dxc3 11. bxc3 Bc7 12. Bb2 d5 13. exd5 Qe7 14. Rxe7+
Nxe7 15. Qe1 Bxh3 16. Bf1 Bg4 17. c4 Be5 18. Qxe5 f6 19. Qf4 Ng6 20. Qxg4 f5
21. Qxf5 Rf8 22. Qe6+ Ne7 23. Bxg7 Rf7 24. Bh6 Rd8 25. Nc3 a6 26. d6 Rd7 27.
dxe7 Rdxe7 28. Qc8# 1-0

[Event "Junior Online 4NCL Division 5"]
[Site "online"]
[Date "2020.05.21"]
[Round "6.208"]
[White "Norton, Laurence"]
[Black "Abraham, Leo"]
[Result "0-1"]
[WhiteElo "887"]
[BlackElo "1022"]
[PlyCount "79"]
[EventDate "2020.05.21"]
[WhiteTeam "Leicestershire Juniors 4"]
[BlackTeam "Leicestershire Juniors 3"]

1. e4 e5 2. Nf3 Nc6 3. Nc3 Nf6 4. Bc4 Bd6 5. d3 Bb4 6. O-O O-O 7. Bg5 Be7 8.
Bxf6 Bxf6 9. Bd5 Nd4 10. Nxd4 exd4 11. Ne2 c6 12. Bc4 d5 13. Bb3 dxe4 14. dxe4
Re8 15. c3 dxc3 16. Qxd8 Rxd8 17. bxc3 Re8 18. Rad1 Rxe4 19. Rd2 Bg5 20. Rd6
Rxe2 21. Rfd1 Bf5 22. Bc4 Ree8 23. f3 Rad8 24. Rxd8 Rxd8 25. Rxd8+ Bxd8 26. g4
Be6 27. Bxe6 fxe6 28. Kf2 Kf7 29. Ke3 Bc7 30. Ke4 Bxh2 31. Kd4 Ke7 32. a4 Kd6
33. c4 a6 34. c5+ Kd7 35. Ke4 b5 36. axb5 axb5 37. Kd3 Bg1 38. Kc3 Bxc5 39. Kb3
Kd6 40. Kc2 0-1

[Event "Junior Online 4NCL Division 5"]
[Site "online"]
[Date "2020.05.21"]
[Round "6.211"]
[White "Bailey, Matthew"]
[Black "Brown, Charlie"]
[Result "0-1"]
[WhiteElo "1037"]
[BlackElo "1262"]
[PlyCount "170"]
[EventDate "2020.05.21"]
[WhiteTeam "Surbiton Juniors C"]
[BlackTeam "Robin Hoods 5"]

1. d4 d5 2. c4 Nf6 3. cxd5 Nxd5 4. e4 Nf6 5. e5 Nd5 6. Bc4 c6 7. Qf3 b5 8. Bb3
Na6 9. Nc3 Nxc3 10. Qxf7+ Kd7 11. Be6+ Kc7 12. Bxc8 Qxc8 13. bxc3 g6 14. Qf4
Qd7 15. e6+ Qd6 16. Qxd6+ exd6 17. Nf3 Bg7 18. O-O c5 19. Re1 d5 20. e7 Rhe8
21. Ng5 Nb8 22. Ne6+ Kd7 23. Nxg7 Rg8 24. Nf5 Re8 25. Bg5 Nc6 26. Ng7 Rg8 27.
Bh6 Nxe7 28. Re2 cxd4 29. cxd4 Nc6 30. Rae1 Rac8 31. h3 Nxd4 32. Re7+ Kd6 33.
Rxa7 g5 34. Rd1 Ne2+ 35. Kh2 Nc3 36. Nf5+ Ke5 37. Re1+ Kxf5 38. Rb7 Nxa2 39.
Rxh7 Kg6 40. Ree7 Nb4 41. h4 Nc6 42. Rd7 Ne5 43. Rb7 Ng4+ 44. Kh3 Nxh6 45. hxg5
Rc3+ 46. g3 Nf5 47. Rhd7 Rh8+ 48. Kg2 Rc2 49. Rxd5 Ne3+ 50. Kf3 Nxd5 51. Rxb5
Rc3+ 52. Ke4 Nf6+ 53. Ke5 Nd7+ 54. Kd6 Rd3+ 55. Kc7 Rh7 56. g4 Ne5+ 57. Kb6
Rd6+ 58. Kc5 Rdd7 59. Kb6 Nc4+ 60. Kc6 Nd6 61. Rd5 Rhf7 62. Rxd6+ Rxd6+ 63.
Kxd6 Rxf2 64. Ke5 Kxg5 65. Ke4 Kxg4 66. Ke3 Rf4 67. Kd3 Kf3 68. Kc3 Re4 69. Kd3
Kf4 70. Kc3 Ke3 71. Kb3 Rd4 72. Kc3 Ke4 73. Kb3 Kd3 74. Ka3 Rc4 75. Kb3 Kd4 76.
Ka3 Kc3 77. Ka2 Kc2 78. Ka3 Kc3 79. Ka2 Rb4 80. Ka3 Kc4 81. Ka2 Rb8 82. Ka3 Rb7
83. Ka2 Kc3 84. Ka1 Kc2 85. Ka2 Ra7# 0-1

[Event "Junior Online 4NCL Division 5"]
[Site "online"]
[Date "2020.05.21"]
[Round "6.212"]
[White "Keenan, Isaac"]
[Black "Rabie, Jamie"]
[Result "1-0"]
[WhiteElo "1180"]
[BlackElo "1000"]
[PlyCount "83"]
[EventDate "2020.05.21"]
[WhiteTeam "Robin Hoods 5"]
[BlackTeam "Surbiton Juniors C"]

1. d4 d5 2. Bf4 Na6 3. Nf3 Bf5 4. e3 Nb4 5. Na3 Nxc2+ 6. Nxc2 Bxc2 7. Qxc2 e6
8. Bd3 Nf6 9. O-O Bd6 10. Bg5 Qe7 11. Qa4+ c6 12. Qa5 b6 13. Qa4 b5 14. Qa6 Rc8
15. Qxc8+ Qd8 16. Qxd8+ Kxd8 17. Ne5 Bxe5 18. dxe5 h6 19. Bh4 g5 20. Bxg5 hxg5
21. exf6 Ke8 22. Rac1 Kd7 23. Rc2 Kd6 24. Rfc1 Rc8 25. h3 c5 26. Bxb5 c4 27. e4
Kc5 28. Ba6 Rc6 29. exd5 exd5 30. b3 c3 31. Rxc3+ Kb4 32. Rxc6 d4 33. R1c4+ Ka5
34. R4c5+ Kb4 35. Rc4+ Ka5 36. b4+ Ka4 37. b5+ Ka5 38. b6 Kxa6 39. bxa7+ Kxa7
40. Rb4 d3 41. Rc3 d2 42. Ra3# 1-0

[Event "Junior Online 4NCL Division 5"]
[Site "online"]
[Date "2020.05.21"]
[Round "6.213"]
[White "Tran, Joseph"]
[Black "Babu, Guhan"]
[Result "1-0"]
[WhiteElo "737"]
[BlackElo "1105"]
[PlyCount "116"]
[EventDate "2020.05.21"]
[WhiteTeam "Surbiton Juniors C"]
[BlackTeam "Robin Hoods 5"]

1. e4 e5 2. Qh5 g6 3. Qxe5+ Qe7 4. Qxh8 Qxe4+ 5. Ne2 Ne7 6. Qxh7 Nbc6 7. Qh8 d6
8. Qc3 Nd4 9. Qxd4 Qxd4 10. Nxd4 Bg7 11. Bb5+ c6 12. Bf1 Bxd4 13. c3 Bb6 14. d4
d5 15. b4 Bf5 16. Nd2 O-O-O 17. c4 dxc4 18. Nxc4 Bxd4 19. Bb2 Be6 20. Bxd4 Rxd4
21. Ne3 Rxb4 22. Nc2 Re4+ 23. Ne3 Nf5 24. Bd3 Rd4 25. Nxf5 gxf5 26. Be2 Re4 27.
Rd1 Bc4 28. Rd2 f4 29. Rf1 Bd5 30. Rc2 Re8 31. f3 f5 32. Rd2 Bc4 33. Rf2 a5 34.
a4 b5 35. axb5 cxb5 36. Rc2 Kb7 37. Kf1 Bxe2+ 38. Rfxe2 Rxe2 39. Rxe2 b4 40.
Ke1 a4 41. Kd1 Kb6 42. Rb2 b3 43. Kc1 Kb5 44. h4 Kb4 45. h5 a3 46. Rb1 a2 47.
Ra1 Kc3 48. h6 b2+ 49. Kd1 bxa1=Q+ 50. Ke2 Kc2 51. h7 Qh8 52. g3 fxg3 53. Kf1
a1=Q+ 54. Kg2 f4 55. Kh3 Qxh7+ 56. Kg4 Qag7+ 57. Kxf4 Qh4+ 58. Ke3 Qge7# 1-0

[Event "Junior Online 4NCL Division 5"]
[Site "online"]
[Date "2020.05.21"]
[Round "6.214"]
[White "Ying, Alexander"]
[Black "Ciais, Dimitri P"]
[Result "0-1"]
[WhiteElo "1097"]
[BlackElo "730"]
[PlyCount "28"]
[EventDate "2020.05.21"]
[WhiteTeam "Robin Hoods 5"]
[BlackTeam "Surbiton Juniors C"]

1. e4 e5 2. Nf3 Nc6 3. Bc4 Nf6 4. d3 Bb4+ 5. Nc3 Bxc3+ 6. Bd2 Bxd2+ 7. Qxd2 d6
8. Ng5 Nd4 9. Nxf7 Qd7 10. Nxh8 Kf8 11. Nf7 Qa4 12. O-O-O Ng4 13. a3 b5 14. Qg5
Qxc2# 0-1

[Event "Junior Online 4NCL Division 5"]
[Site "online"]
[Date "2020.05.21"]
[Round "6.215"]
[White "Brown, Charlie"]
[Black "Bailey, Matthew"]
[Result "0-1"]
[WhiteElo "1262"]
[BlackElo "1037"]
[PlyCount "30"]
[EventDate "2020.05.21"]
[WhiteTeam "Robin Hoods 5"]
[BlackTeam "Surbiton Juniors C"]

1. e4 e5 2. Bc4 Nf6 3. d4 exd4 4. Qxd4 Nc6 5. Qc3 Bb4 6. Qxb4 Nxb4 7. c3 Nc2+
8. Kd2 Nxa1 9. Kd1 Nxe4 10. Be3 O-O 11. Nf3 Re8 12. Na3 d5 13. Bb3 Nxb3 14. Nb5
c6 15. Nbd4 c5 0-1

[Event "Junior Online 4NCL Division 5"]
[Site "online"]
[Date "2020.05.21"]
[Round "6.216"]
[White "Rabie, Jamie"]
[Black "Keenan, Isaac"]
[Result "0-1"]
[WhiteElo "1000"]
[BlackElo "1180"]
[PlyCount "92"]
[EventDate "2020.05.21"]
[WhiteTeam "Surbiton Juniors C"]
[BlackTeam "Robin Hoods 5"]

1. e4 e5 2. Nf3 Nc6 3. Bb5 Bc5 4. Bxc6 dxc6 5. Nxe5 Qe7 6. Ng4 Qxe4+ 7. Qe2
Qxe2+ 8. Kxe2 Bxg4+ 9. Ke1 O-O-O 10. f3 Bd7 11. d3 Re8+ 12. Kd1 Nf6 13. Bg5 Re7
14. Bxf6 gxf6 15. Nc3 Rhe8 16. Kd2 Bb4 17. Rhe1 Bxc3+ 18. bxc3 Rxe1 19. Rxe1
Rxe1 20. Kxe1 b5 21. c4 bxc4 22. dxc4 Be6 23. c5 Bxa2 24. Kd2 f5 25. f4 Kd7 26.
h3 Ke6 27. g4 fxg4 28. hxg4 f5 29. gxf5+ Kxf5 30. Ke3 Bb1 31. c3 h5 32. Kd4
Kxf4 33. Kc4 Ba2+ 34. Kb4 h4 35. Ka5 Bc4 36. Kb4 Bf1 37. Ka5 h3 38. Kb4 h2 39.
Kb3 h1=Q 40. c4 Qh3+ 41. Kc2 Qd3+ 42. Kc1 Qe2 43. Kb1 Ke3 44. Ka1 Kd3 45. Kb1
Kc3 46. Kc1 Qc2# 0-1

[Event "Junior Online 4NCL Division 5"]
[Site "online"]
[Date "2020.05.21"]
[Round "6.217"]
[White "Babu, Guhan"]
[Black "Tran, Joseph"]
[Result "1-0"]
[WhiteElo "1105"]
[BlackElo "737"]
[PlyCount "93"]
[EventDate "2020.05.21"]
[WhiteTeam "Robin Hoods 5"]
[BlackTeam "Surbiton Juniors C"]

1. e4 e5 2. Nf3 Nc6 3. Bc4 d6 4. d3 Be6 5. Bxe6 fxe6 6. Ng5 Be7 7. Nxe6 Qd7 8.
Nxg7+ Kf8 9. Nf5 Nd4 10. Nxd4 exd4 11. Qf3+ Bf6 12. Bh6+ Nxh6 13. Qxf6+ Nf7 14.
Qxd4 Rg8 15. Rg1 Ng5 16. Qf6+ Nf7 17. Nc3 Re8 18. Qh4 Qg4 19. Qxh7 Qg7 20. Qf5
Qg6 21. Qa5 b6 22. Qxa7 Ne5 23. Qxc7 Re7 24. Qd8+ Re8 25. Qxb6 Nd7 26. Qd4 Qf6
27. Qe3 Rd8 28. O-O-O Re8 29. g3 Qg5 30. f4 Qg4 31. Nd5 Qe6 32. f5 Qe5 33. Qh6+
Rg7 34. f6 Rc8 35. Qxg7+ Ke8 36. Qg8+ Nf8 37. f7+ Kd7 38. Nb6+ Kc7 39. Nxc8
Kxc8 40. Qxf8+ Kc7 41. Qg8 Qc5 42. f8=Q Qe3+ 43. Kb1 Qe2 44. Qc4+ Kb6 45. Qxd6+
Kb7 46. Qcc7+ Ka8 47. Qdd8# 1-0

[Event "Junior Online 4NCL Division 5"]
[Site "online"]
[Date "2020.05.21"]
[Round "6.218"]
[White "Ciais, Dimitri P"]
[Black "Ying, Alexander"]
[Result "0-1"]
[WhiteElo "730"]
[BlackElo "1097"]
[PlyCount "66"]
[EventDate "2020.05.21"]
[WhiteTeam "Surbiton Juniors C"]
[BlackTeam "Robin Hoods 5"]

1. e4 e5 2. Nc3 Nf6 3. Nf3 Nc6 4. Bc4 Nxe4 5. Nxe4 d5 6. Bxd5 Qxd5 7. Nc3 Qe6
8. Nb5 Be7 9. Nxc7+ Kf8 10. Nxe6+ Bxe6 11. d3 Bg4 12. h3 Bxf3 13. gxf3 Rd8 14.
Rg1 Rd4 15. Be3 Rd6 16. Bc5 Rd7 17. Bxe7+ Rxe7 18. c4 Re6 19. Qa4 Rg6 20. Qb5
Rxg1+ 21. Ke2 Rxa1 22. Qxb7 g6 23. Qxc6 Rxa2 24. Qc8+ Kg7 25. Qb7 a5 26. c5 a4
27. c6 a3 28. c7 Rxb2+ 29. Qxb2 axb2 30. c8=Q Rxc8 31. Kd2 b1=Q 32. Ke2 Rc2+
33. Ke3 Qe1# 0-1

[Event "Junior Online 4NCL Division 5"]
[Site "online"]
[Date "2020.05.21"]
[Round "6.221"]
[White "Hanache, Kai"]
[Black "Knight, Michael D"]
[Result "1-0"]
[WhiteElo "1217"]
[BlackElo "1210"]
[PlyCount "53"]
[EventDate "2020.05.21"]
[WhiteTeam "Hammersmith 3"]
[BlackTeam "Uxbridge Juniors Jamma"]

1. e4 e6 2. d4 d5 3. exd5 exd5 4. Nc3 c5 5. dxc5 Bxc5 6. Qxd5 Qxd5 7. Nxd5 Be6
8. Nc7+ Kd7 9. Nxa8 Bb4+ 10. c3 Ba5 11. Bf4 Nf6 12. O-O-O+ Kc6 13. Rd6+ Kc5 14.
b4+ Bxb4 15. cxb4+ Kxb4 16. Rd1 Rc8+ 17. Nc7 Nh5 18. Bd6+ Ka5 19. Nf3 Na6 20.
Bxa6 bxa6 21. Kd2 Rd8 22. Ke1 Bd7 23. Ne5 Ba4 24. Bb4+ Kxb4 25. Rxd8 Nf4 26.
Rd4+ Kc3 27. Rxf4 1-0

[Event "Junior Online 4NCL Division 5"]
[Site "online"]
[Date "2020.05.21"]
[Round "6.222"]
[White "Dhir, Jai Alexander"]
[Black "Yang, Rachel"]
[Result "0-1"]
[WhiteElo "1037"]
[BlackElo "1180"]
[PlyCount "32"]
[EventDate "2020.05.21"]
[WhiteTeam "Uxbridge Juniors Jamma"]
[BlackTeam "Hammersmith 3"]

1. e4 c5 2. Nf3 Nc6 3. d4 cxd4 4. Nxd4 Nf6 5. Nc3 e5 6. Nxc6 bxc6 7. Bc4 Bb4 8.
Bd2 O-O 9. a3 Bxc3 10. Bxc3 Nxe4 11. Bxe5 Re8 12. Qc1 Rxe5 13. O-O d5 14. Qf4
Re8 15. Bd3 Qf6 16. Qd2 Nxd2 0-1

[Event "Junior Online 4NCL Division 5"]
[Site "online"]
[Date "2020.05.21"]
[Round "6.223"]
[White "Singh, Simran"]
[Black "Aurangabadkar, Anish R"]
[Result "0-1"]
[WhiteElo "1120"]
[BlackElo "1075"]
[PlyCount "122"]
[EventDate "2020.05.21"]
[WhiteTeam "Hammersmith 3"]
[BlackTeam "Uxbridge Juniors Jamma"]

1. e4 c5 2. Nf3 Nc6 3. Bc4 e6 4. d3 d6 5. Bg5 Be7 6. Bxe7 Qxe7 7. O-O Nf6 8.
Nc3 O-O 9. Re1 a6 10. Qd2 Qc7 11. d4 b5 12. Be2 cxd4 13. Nxd4 Bb7 14. Rad1 Nxd4
15. Qxd4 Rfd8 16. Bf3 e5 17. Qd2 h6 18. h3 Rac8 19. Bg4 Nxg4 20. hxg4 b4 21.
Nb1 Qc6 22. Qxb4 Qxc2 23. Na3 Qc7 24. Re3 a5 25. Qd2 Qc5 26. Rg3 f6 27. g5 fxg5
28. Rc1 Qd4 29. Qxd4 exd4 30. Rxc8 Rxc8 31. Nb5 Rd8 32. Nxd4 Bxe4 33. Re3 Bd5
34. a3 Rb8 35. Re2 Bc4 36. Rc2 Bd3 37. Rd2 Bb5 38. Nxb5 Rxb5 39. Rxd6 Rxb2 40.
Rd5 a4 41. Ra5 Rb1+ 42. Kh2 Rf1 43. Kg3 Kf7 44. Rxa4 Kf6 45. Ra5 g6 46. a4 h5
47. f3 h4+ 48. Kg4 Rg1 49. Ra6+ Ke5 50. a5 Rxg2+ 51. Kh3 Rg3+ 52. Kh2 Rxf3 53.
Ra8 h3 54. Rd8 g4 55. a6 Ra3 56. Re8+ Kf4 57. Rf8+ Ke3 58. Ra8 Kf2 59. a7 g3+
60. Kh1 g2+ 61. Kh2 g1=Q# 0-1

[Event "Junior Online 4NCL Division 5"]
[Site "online"]
[Date "2020.05.21"]
[Round "6.224"]
[White "Shotton, Marcus"]
[Black "Ewart, Samuel"]
[Result "1-0"]
[WhiteElo "827"]
[BlackElo "925"]
[PlyCount "55"]
[EventDate "2020.05.21"]
[WhiteTeam "Uxbridge Juniors Jamma"]
[BlackTeam "Hammersmith 3"]

1. e4 e5 2. Bc4 Nf6 3. f3 Bc5 4. d3 d6 5. Ne2 Nc6 6. Bg5 h6 7. Bxf6 gxf6 8. Bd5
Be6 9. c3 Bxd5 10. exd5 Ne7 11. d4 Nxd5 12. dxc5 dxc5 13. O-O Ne3 14. Qa4+ b5
15. Qxb5+ c6 16. Qxc6+ Ke7 17. Re1 Nc2 18. Qxc5+ Kd7 19. Rd1+ Ke8 20. Rxd8+
Rxd8 21. Qxa7 Nxa1 22. Qa4+ Kf8 23. Qb4+ Kg7 24. Nd4 Rb8 25. Nb5 Nc2 26. Qb3
Ne3 27. Nd6 Rbd8 28. Qxf7# 1-0

[Event "Junior Online 4NCL Division 5"]
[Site "online"]
[Date "2020.05.21"]
[Round "6.225"]
[White "Knight, Michael D"]
[Black "Hanache, Kai"]
[Result "1-0"]
[WhiteElo "1210"]
[BlackElo "1217"]
[PlyCount "89"]
[EventDate "2020.05.21"]
[WhiteTeam "Uxbridge Juniors Jamma"]
[BlackTeam "Hammersmith 3"]

1. e4 c6 2. Nf3 d5 3. Nc3 dxe4 4. Nxe4 Bf5 5. Nc3 Nf6 6. Bc4 Nbd7 7. Ng5 e6 8.
d3 Bb4 9. O-O h6 10. Nge4 Nxe4 11. dxe4 Bxc3 12. bxc3 Bxe4 13. Re1 Bd5 14. Bd3
O-O 15. c4 Bxg2 16. Kxg2 Qh4 17. Re4 Qf6 18. Rb1 Nc5 19. Re3 Na4 20. Bd2 Rfd8
21. Rb4 Nb6 22. Rb3 Rac8 23. Bc3 Qe7 24. Qg4 Qg5 25. Qxg5 hxg5 26. Rh3 f6 27.
Ba5 g4 28. Rg3 f5 29. c5 Rd5 30. Bxb6 axb6 31. cxb6 Ra5 32. a3 c5 33. Bc4 Kf7
34. Rge3 Re8 35. Bb5 Rd8 36. a4 Ke7 37. Rbc3 Rd5 38. Rcd3 Rxd3 39. Rxd3 Kf6 40.
Rd7 g5 41. Rxb7 Ke5 42. Ra7 Rxa7 43. bxa7 f4 44. a8=Q f3+ 45. Kg3 1-0

[Event "Junior Online 4NCL Division 5"]
[Site "online"]
[Date "2020.05.21"]
[Round "6.226"]
[White "Yang, Rachel"]
[Black "Dhir, Jai Alexander"]
[Result "1-0"]
[WhiteElo "1180"]
[BlackElo "1037"]
[PlyCount "97"]
[EventDate "2020.05.21"]
[WhiteTeam "Hammersmith 3"]
[BlackTeam "Uxbridge Juniors Jamma"]

1. e4 e6 2. e5 d5 3. d4 c5 4. c3 Nc6 5. Nf3 Be7 6. Bb5 Bd7 7. O-O a6 8. Bxc6
Bxc6 9. Bf4 b5 10. Nbd2 c4 11. Re1 b4 12. cxb4 Bxb4 13. a3 Bxd2 14. Qxd2 Ne7
15. Rac1 O-O 16. Bg5 Rc8 17. Qb4 a5 18. Qxe7 Qxe7 19. Bxe7 Rfe8 20. Bg5 Ba4 21.
h3 Bb3 22. Bd2 h6 23. Bxa5 Ra8 24. Bb4 Reb8 25. Bd6 Rb6 26. Ra1 Bc2 27. Rec1
Rxb2 28. Nh4 g5 29. Nf3 Ra6 30. g4 Be4 31. Ne1 Rb3 32. Kh2 Rab6 33. a4 h5 34.
gxh5 Bf5 35. a5 Rxh3+ 36. Kg2 Rbb3 37. a6 Be4+ 38. Kf1 Rh1+ 39. Ke2 Rb2+ 40.
Ke3 Rh3+ 41. f3 Rb3+ 42. Kf2 Rh2+ 43. Kg3 Rh1 44. a7 Rg1+ 45. Kf2 Rh1 46. a8=Q+
Kg7 47. Ra7 Rh2+ 48. Kg3 Rd2 49. Qe8 1-0

[Event "Junior Online 4NCL Division 5"]
[Site "online"]
[Date "2020.05.21"]
[Round "6.227"]
[White "Aurangabadkar, Anish R"]
[Black "Singh, Simran"]
[Result "0-1"]
[WhiteElo "1075"]
[BlackElo "1120"]
[PlyCount "54"]
[EventDate "2020.05.21"]
[WhiteTeam "Uxbridge Juniors Jamma"]
[BlackTeam "Hammersmith 3"]

1. e4 e5 2. Qh5 Nf6 3. Qf3 Bc5 4. Bc4 Nc6 5. Qd1 d6 6. Nf3 Bg4 7. h3 Bh5 8. Ng5
Bxd1 9. Nxf7 Qe7 10. Nxh8 Bxc2 11. Nf7 Bxb1 12. Rxb1 Nxe4 13. O-O Na5 14. Bd3
Qxf7 15. Bxe4 d5 16. Bxh7 O-O-O 17. Bc2 Qf6 18. Bb3 Nxb3 19. axb3 Qa6 20. Re1
Qa2 21. b4 Bb6 22. Rxe5 Qxb1 23. Re1 Rf8 24. d4 Bxd4 25. Rd1 Bxf2+ 26. Kh2 Qc2
27. Rxd5 Qxc1 0-1

[Event "Junior Online 4NCL Division 5"]
[Site "online"]
[Date "2020.05.21"]
[Round "6.228"]
[White "Ewart, Samuel"]
[Black "Shotton, Marcus"]
[Result "1/2-1/2"]
[WhiteElo "925"]
[BlackElo "827"]
[PlyCount "23"]
[EventDate "2020.05.21"]
[WhiteTeam "Hammersmith 3"]
[BlackTeam "Uxbridge Juniors Jamma"]

1. e4 e5 2. Bc4 Nf6 3. Nf3 Nc6 4. Nc3 Bc5 5. d3 O-O 6. Bg5 Be7 7. O-O d6 8. Qe2
Bg4 9. h3 Bxf3 10. Qxf3 Nd4 11. Qd1 d5 12. exd5 1/2-1/2

[Event "Junior Online 4NCL Division 5"]
[Site "online"]
[Date "2020.05.21"]
[Round "6.231"]
[White "Sharma, Krish"]
[Black "Agrawal, Anay"]
[Result "1-0"]
[WhiteElo "1037"]
[BlackElo "1210"]
[PlyCount "54"]
[EventDate "2020.05.21"]
[WhiteTeam "May the Fork Be With You 3"]
[BlackTeam "Hallfield School C"]

1. d4 d5 2. Bf4 Nc6 3. e3 Bf5 4. Nd2 Nb4 5. Bd3 Bxd3 6. cxd3 Nxd3+ 7. Kf1 Nxb2
8. Qc2 Nc4 9. Nxc4 dxc4 10. Qxc4 Qd7 11. Bxc7 Rc8 12. Rc1 Nf6 13. Nf3 Ne4 14.
Kg1 Nd6 15. Qc2 e6 16. Ne5 Qe7 17. h3 g6 18. Kh2 Bh6 19. Bxd6 Rxc2 20. Bxe7
Rxf2 21. Bh4 f6 22. Bxf2 fxe5 23. Rc8+ Ke7 24. Rxh8 Bxe3 25. Bxe3 exd4 26. Bxd4
a5 27. Ra8 b5 1-0

[Event "Junior Online 4NCL Division 5"]
[Site "online"]
[Date "2020.05.21"]
[Round "6.232"]
[White "Khashu, Rohan"]
[Black "Tager, Maya"]
[Result "0-1"]
[WhiteElo "1097"]
[BlackElo "1090"]
[PlyCount "44"]
[EventDate "2020.05.21"]
[WhiteTeam "Hallfield School C"]
[BlackTeam "May the Fork Be With You 3"]

1. e4 e5 2. Nf3 Nc6 3. Nc3 Nf6 4. d3 g6 5. h4 Bg7 6. g3 O-O 7. a4 d6 8. Bg5 Qd7
9. Bxf6 Bxf6 10. Nd5 Bg7 11. b4 a6 12. b5 Ne7 13. Nxe7+ Qxe7 14. bxa6 Rxa6 15.
d4 exd4 16. Bxa6 bxa6 17. Nxd4 Qxe4+ 18. Kf1 Qxh1+ 19. Ke2 Qe4+ 20. Kf1 Bg4 21.
Qd2 Bh3+ 22. Kg1 Qg2# 0-1

[Event "Junior Online 4NCL Division 5"]
[Site "online"]
[Date "2020.05.21"]
[Round "6.233"]
[White "Valanju, Saish"]
[Black "Gandhi, Preesh"]
[Result "1-0"]
[WhiteElo "1037"]
[BlackElo "947"]
[PlyCount "53"]
[EventDate "2020.05.21"]
[WhiteTeam "May the Fork Be With You 3"]
[BlackTeam "Hallfield School C"]

1. e4 e5 2. Nf3 Nc6 3. d4 exd4 4. Nxd4 Nf6 5. Be3 Bc5 6. Nxc6 bxc6 7. Bxc5 Nxe4
8. Bd4 O-O 9. Bd3 Re8 10. O-O d5 11. Nc3 Nxc3 12. Bxc3 d4 13. Bxd4 Qxd4 14.
Bxh7+ Kxh7 15. Qxd4 Ba6 16. Rfe1 Rad8 17. Qxa7 Ra8 18. Qxc7 Rac8 19. Qg3 Red8
20. Qh3+ Kg8 21. Qh4 Rd7 22. Qh5 Rb8 23. Re3 Rxb2 24. Rh3 Kf8 25. Re1 f6 26.
Rh4 Rdb7 27. Qe8# 1-0

[Event "Junior Online 4NCL Division 5"]
[Site "online"]
[Date "2020.05.21"]
[Round "6.234"]
[White "Patel, Diah Dipal"]
[Black "Patel, Rohan"]
[Result "0-1"]
[WhiteElo "707"]
[BlackElo "992"]
[PlyCount "112"]
[EventDate "2020.05.21"]
[WhiteTeam "Hallfield School C"]
[BlackTeam "May the Fork Be With You 3"]

1. e4 e5 2. Nf3 Nc6 3. Bc4 Be7 4. O-O Nf6 5. Ng5 O-O 6. Nc3 h6 7. Nf3 d6 8. d3
Bg4 9. h3 Bh5 10. g4 Bg6 11. Be3 a6 12. Re1 b5 13. Bd5 Nxd5 14. exd5 Nb4 15.
Qd2 a5 16. g5 hxg5 17. Nxg5 Rb8 18. Ba7 Rb7 19. Qe3 Bxg5 20. Qe2 Rxa7 21. Nxb5
Rb7 22. d4 Nxc2 23. Rad1 Nxe1 24. Rxe1 exd4 25. Rd1 d3 26. Qe1 Rxb5 27. Qf1
Rxd5 28. Qg2 c6 29. Qh2 d2 30. f4 Qb6+ 31. Kh1 Bf6 32. h4 Be4+ 33. Qg2 Bxg2+
34. Kxg2 Qxb2 35. Kf2 Bd4+ 36. Ke2 Bc3 37. h5 Qxa2 38. f5 Re5+ 39. Kd3 Qa3 40.
h6 Rd5+ 41. Ke2 a4 42. hxg7 Kxg7 43. f6+ Kxf6 44. Ke3 Bb4+ 45. Ke2 Qc3 46. Kf1
a3 47. Ke2 a2 48. Kf1 a1=Q 49. Rxa1 Qxa1+ 50. Ke2 d1=Q+ 51. Ke3 Qe1+ 52. Kf4
Qae5+ 53. Kg4 Rd4+ 54. Kh3 Q1e3+ 55. Kg2 Q5g3+ 56. Kf1 Qef2# 0-1

[Event "Junior Online 4NCL Division 5"]
[Site "online"]
[Date "2020.05.21"]
[Round "6.235"]
[White "Agrawal, Anay"]
[Black "Sharma, Krish"]
[Result "0-1"]
[WhiteElo "1210"]
[BlackElo "1037"]
[PlyCount "140"]
[EventDate "2020.05.21"]
[WhiteTeam "Hallfield School C"]
[BlackTeam "May the Fork Be With You 3"]

1. d4 c6 2. e4 d5 3. exd5 cxd5 4. Nc3 Bf5 5. Qf3 e6 6. Bd3 Bxd3 7. Qxd3 Nf6 8.
Qb5+ Nc6 9. Qxb7 Rc8 10. Nb5 Ne7 11. Nxa7 Rb8 12. Qa6 Rb6 13. Qa4+ Qd7 14.
Qxd7+ Kxd7 15. Nf3 Rb7 16. Ne5+ Kc7 17. Nxf7 Rg8 18. Bf4+ Kd7 19. Ne5+ Kc7 20.
Nf7+ Kb6 21. Nb5 Kxb5 22. Nd6+ Kc6 23. Nxb7 Kxb7 24. O-O Ng6 25. Be5 Nxe5 26.
dxe5 Ne4 27. Rae1 Be7 28. f3 Nd2 29. Rf2 Nc4 30. b3 Nb6 31. a4 Bc5 32. a5 Bxf2+
33. Kxf2 Nd7 34. c4 dxc4 35. bxc4 Ka6 36. Ra1 Nxe5 37. g3 Nxc4 38. Ra4 Nxa5 39.
Ke2 Kb5 40. Ra3 Rf8 41. Ra1 Nb3 42. Rb1 Kc4 43. Ke3 Rd8 44. h4 Rd3+ 45. Ke4
Nd2+ 46. Kf4 Nxb1 47. g4 Rd4+ 48. Ke5 Nd2 49. Kxe6 Nxf3 50. h5 Rxg4 51. Kf7
Ne5+ 52. Kg8 h6 53. Kh7 Rh4 54. Kxg7 Rxh5 55. Kf6 Nf3 56. Kg6 Rh1 57. Kf5 h5
58. Kf4 Nd2 59. Kg3 h4+ 60. Kg2 Rf1 61. Kh3 Nf3 62. Kg2 Rg1+ 63. Kxf3 h3 64.
Kf2 h2 65. Ke3 h1=Q 66. Kf4 Qh5 67. Ke4 Rg4+ 68. Kf3 Qh3+ 69. Kf2 Rg2+ 70. Kf1
Qh1# 0-1